Sprievodca štúdiom na Fakulte aplikovaných jazykov Ekonomickej univerzity v Bratislave akademický rok 2022/2023

Uložené v:
Podrobná bibliografia
Korporativný autor: Ekonomická univerzita v Bratislave. Fakulta aplikovaných jazykov
Ďalší autori: Stradiotová, Eva, 1963-, Čajkovičová, Jana, 1964-
Médium: Kniha
Jazyk:Slovak
Vydavateľské údaje: Bratislava Vydavateľstvo EKONÓM 2022
Vydanie:1. vydanie
Predmet:
Tagy: Pridať tag
Žiadne tagy, Buďte prvý, kto otaguje tento záznam!

MARC

LEADER 00000nam a2200000 4500
001 0288741
005 20240416114157.6
020 |a 978-80-225-4969-1 
041 0 |a slo 
044 |a SK 
245 1 0 |a Sprievodca štúdiom na Fakulte aplikovaných jazykov Ekonomickej univerzity v Bratislave  |b akademický rok 2022/2023  |c zostavili: Eva Stradiotová, Jana Čajkovičová 
250 |a 1. vydanie 
264 1 |a Bratislava  |b Vydavateľstvo EKONÓM  |c 2022 
300 |a 113 s. 
610 2 0 |a univerzity 
610 2 0 |a vzdelávanie vysokoškolské 
610 2 0 |a programy študijné 
610 2 0 |a plán učebný 
610 2 0 |a štruktúra organizačná 
700 1 |a Stradiotová, Eva, 1963- 
700 1 |a Čajkovičová, Jana, 1964- 
710 2 |a Ekonomická univerzita v Bratislave. Fakulta aplikovaných jazykov